Agilný projektový manažment a výzvy pri jeho implementácii vo vybranom podniku diplomová práca

Guardado en:
Detalles Bibliográficos
Autor principal: Flaška, Filip
Autor Corporativo: Fakulta podnikového manažmentu EU. Katedra manažmentu
Otros Autores: Jankelová, Nadežda, 1966-
Formato: Libro
Lenguaje:eslovaco
Publicado: Bratislava 2024
Etiquetas: Agregar Etiqueta
Sin Etiquetas, Sea el primero en etiquetar este registro!

MARC

LEADER 00000nbm a2200000 4500
001 0300976
005 20250211101544.9
041 0 |a slo 
044 |a SK 
245 1 0 |a Agilný projektový manažment a výzvy pri jeho implementácii vo vybranom podniku  |b diplomová práca  |c Filip Flaška ; školiteľ: Nadežda Jankelová 
264 1 |a Bratislava  |c 2024 
300 |a 71 s. 
100 1 |a Flaška, Filip 
700 1 |a Jankelová, Nadežda, 1966- 
710 2 |a Fakulta podnikového manažmentu EU. Katedra manažmentu